|
|
|
|
| LEADER |
01209nam a2200277 a 4500 |
| 001 |
12227014 |
| 008 |
090802s2001 nyua bf 001 0 eng d |
| 010 |
|
|
|a 00065162
|
| 020 |
|
|
|a 0521660165
|
| 020 |
|
|
|a 0521669642 (pb.)
|
| 040 |
|
|
|a DLC
|c DLC
|d DLC
|
| 082 |
0 |
0 |
|a 823/.8
|2 21
|
| 245 |
0 |
4 |
|a The Cambridge companion to Charles Dickens /
|c edited by John O. Jordan.
|
| 260 |
|
|
|a New York :
|b Cambridge University Press,
|c 2001.
|
| 300 |
|
|
|a xvii, 235 p. :
|b ill. ;
|c 23 cm.
|
| 490 |
|
0 |
|a Cambridge companions to literature
|
| 504 |
|
|
|a Includes bibliographical references (p.224-229) and index.
|
| 541 |
1 |
|
|e 00014517
|
| 600 |
1 |
0 |
|a Dickens, Charles,
|d 1812-1870
|x Criticism and interpretation.
|
| 600 |
1 |
0 |
|a Dickens, Charles,
|d 1812-1870
|v Handbooks, manuals, etc.
|
| 700 |
1 |
|
|a Jordan, John O.
|
| 852 |
4 |
|
|a Ayesha Abed Library
|j General Shelf.
|
| 942 |
0 |
0 |
|0 1
|
| 999 |
|
|
|c 3136
|d 3136
|
| 952 |
|
|
|0 0
|1 0
|2 ddc
|4 0
|6 823_800000000000000_CAM
|7 0
|9 2840
|a BRACUL
|b BRACUL
|c GEN
|d 2009-08-30
|l 2
|m 9
|o 823.8 CAM
|p 3010014517
|r 2023-05-06
|s 2023-02-15
|t 1
|w 2009-08-30
|y BK
|
| 952 |
|
|
|0 0
|1 0
|2 ddc
|4 0
|6 823_800000000000000_CAM
|7 0
|9 14446
|a BRACUL
|b BRACUL
|c GEN
|d 2011-02-26
|l 6
|m 14
|o 823.8 CAM
|p 3010009346
|r 2018-11-26
|s 2018-11-19
|t 2
|w 2011-02-26
|y BK
|